[Event "DEN-ch G5-1"]
[Site "Svendborg"]
[Date "2022.04.13"]
[Round "5"]
[White "Larsen, Kasper"]
[Black "Lauritsen, Johan"]
[Result "1-0"]
[WhiteElo "1815"]
[BlackElo "1446"]
[PlyCount "107"]
[EventDate "2022.04.09"]
[EventType "swiss"]
[EventRounds "5"]
[EventCountry "DEN"]
[SourceTitle "EXT 2024"]
[Source "ChessBase"]
[SourceDate "2023.10.10"]
[SourceVersion "1"]
[SourceVersionDate "2023.10.10"]
[SourceQuality "1"]

1. d4 Nf6 2. Nf3 g6 3. e3 b6 4. Bc4 Bb7 5. b3 Bg7 6. Bb2 d6 7. Nbd2 0-0 8. h4 h5 9. Bd3 c5 10. Qe2 cxd4 11. exd4 Nd5 12. Rg1 Nf4 13. Qe3 Nxd3+ 14. Qxd3 Nd7 15. g4 Nf6 16. gxh5 Nxh5 17. 0-0-0 Nf4 18. Qe3 Nd5 19. Qg5 e6 20. Qg3 Qf6 21. Qxd6 Nf4 22. Rde1 Rac8 23. Kb1 Qf5 24. Nc4 Bxf3 25. Rg5 Rcd8 26. Rxf5 Rxd6 27. Rxf4 Rd7 28. Rxf3 Rfd8 29. Ne5 Rd6 30. Nxf7 Rf8 31. Ne5 Rxf3 32. Nxf3 Kf7 33. Ba3 Rd5 34. Ng5+ Ke8 35. Nxe6 Kf7 36. Nxg7 Kxg7 37. Re7+ Kf6 38. Rxa7 Rf5 39. Rb7 Ra5 40. Rxb6+ Kf7 41. Bc5 Ra8 42. d5 Rc8 43. b4 Ke8 44. Rxg6 Rc7 45. Re6+ Kd8 46. Bb6 Kd7 47. Bxc7 Kc8 48. h5 Kd7 49. h6 Kxc7 50. h7 Kd7 51. h8Q Kc7 52. Qg7+ Kd8 53. Ra6 Ke8 54. Ra8# 1-0